=LDR 00000nam 2200000 4500 =001 INLIS000000000042772 =005 20131008015600 =008 ***********************************Ind** =035 ##$$0010-101300000000694 =041 ##$$a Ind =082 ##$$a 362.110 =090 ##$$a 362.110, Boy k =100 ##$$a Boy S.Sabarguna =245 ##$$a Know Ledge management untuk rumah sakit, Boy S.Sabarguna =260 ##$$a 2007 $b Jakarta =300 ##$$a vii, 106 hlm., 24 cm =650 ##$$a Managemen Rumah Sakit =850 ##$$a NBPNMAT